00517 a2200157 4500010001400000020002300014035001300037037001800050082001700068100002300085245011000108260004800218270004400266300003000310500001900340 aENG-85313 a007060102Xc130.00 aEN-68846 bD.B.Act / Pub14a070.449 93321 aSaito-Chung, David1 aInvestor's business dailycby David Saito-Chungbhow IBD rewrote the rules of investing and business news aNew DelhibTata Mcgrawhill Publishingc2006 a7, West Patel NagarbNew Delhie110 008 axx, 162 p.c23 cm. (Pbk.) aIncludes index